[Event "V Open Semana Santa Alicante 2021"]
[Site "Alicante"]
[Date "2021.04.03"]
[Round "6.1"]
[White "Narciso Dublan, Marc"]
[Black "Movsziszian, Karen"]
[Result "1-0"]
[WhiteElo "2521"]
[BlackElo "2471"]
[Annotator "ChessBase"]
[PlyCount "100"]
[EventDate "2021.03.31"]
[EventType "swiss"]
[EventCountry "ESP"]
[SourceTitle "playchess.com"]
[Source "ChessBase"]
[SourceQuality "1"]
[TimeControl "5400+30"]

1. d4 {[%emt 0:00:00]} c5 {[%emt 0:01:03]} 2. d5 {[%emt 0:00:00]} g6 {[%emt 0:00:14]} 3. e4 {[%emt 0:00:28]} Bg7 {[%emt 0:00:08]} 4. c4 {[%emt 0:02:31]} d6 {[%emt 0:01:08]} 5. Nc3 {[%emt 0:00:08]} Nf6 {[%emt 0:00:05]} 6. Nge2 {[%emt 0:00:33]} b5 {[%emt 0:00:46]} 7. cxb5 {[%emt 0:01:54]} a6 {[%emt 0:00:03]} 8. Qc2 {[%emt 0:03:25]} O-O {[%emt 0:01:07]} 9. Bd2 {[%emt 0:00:41]} Nbd7 {[%emt 0:01:02]} 10. a4 {[%emt 0:03:57]} Re8 {[%emt 0:04:06]} 11. Nf4 {[%emt 0:03:45]} Ne5 {[%emt 0:01:40]} 12. b3 {[%emt 0:08:13]} Nfd7 {[%emt 0:19:06]} 13. Ra2 {[%emt 0:05:32]} axb5 {[%emt 0:08:47]} 14. Bxb5 {[%emt 0:01:21]} Ba6 {[%emt 0:00:10]} 15. O-O {[%emt 0:00:53]} Qb6 {[%emt 0:01:06]} 16. Nfe2 {[%emt 0:06:54]} Rec8 {[%emt 0:00:44]} 17. Rb1 {[%emt 0:07:07]} Bxb5 {[%emt 0:03:00]} 18. Nxb5 {[%emt 0:00:17]} Nb8 {[%emt 0:00:48]} 19. Nec3 {[%emt 0:07:23]} Na6 {[%emt 0:00:23]} 20. Nd1 {[%emt 0:00:30]} Nc7 {[%emt 0:05:02]} 21. Na3 {[%emt 0:00:58]} Na6 {[%emt 0:07:36]} 22. Ne3 {[%emt 0:04:35]} Nb4 {[%emt 0:00:40]} 23. Nac4 {[%emt 0:00:45]} Qb8 {[%emt 0:02:38]} 24. Bxb4 {[%emt 0:00:16]} cxb4 {[%emt 0:02:51]} 25. Qe2 {[%emt 0:03:36]} Nd7 {[%emt 0:00:09]} 26. Qf3 {[%emt 0:11:46]} Qa7 {[%emt 0:00:20]} 27. Rc2 {[%emt 0:06:38]} Rc7 {[%emt 0:00:40]} 28. h4 {[%emt 0:02:48]} Rac8 {[%emt 0:00:30]} 29. h5 {[%emt 0:01:04]} Bd4 {[%emt 0:01:11]} 30. Rbc1 {[%emt 0:03:18]} Bg7 {[%emt 0:06:19]} 31. Ng4 {[%emt 0:03:00]} Nc5 {[%emt 0:04:42]} 32. e5 {[%emt 0:07:33]} gxh5 {[%emt 0:01:59]} 33. Nf6+ {[%emt 0:00:50]} exf6 {[%emt 0:00:37]} 34. exf6 {[%emt 0:01:10]} Bf8 {[%emt 0:05:11]} 35. Qg3+ {[%emt 0:00:28]} Kh8 {[%emt 0:00:03]} 36. Nxd6 {[%emt 0:00:19]} Ne4 {[%emt 0:07:32]} 37. Nxc8 {[%emt 0:02:23]} Rxc2 {[%emt 0:00:03]} 38. Rxc2 {[%emt 0:00:24]} Qd4 {[%emt 0:00:03]} 39. Qf3 {[%emt 0:01:15]} h4 {[%emt 0:04:19]} 40. Rc1 {[%emt 0:00:39]} Bc5 {[%emt 0:00:20]} 41. Rxc5 {[%emt 0:00:24]} Nxc5 {[%emt 0:00:07]} 42. Ne7 {[%emt 0:00:43]} Ne4 {[%emt 0:00:34]} 43. Qf4 {[%emt 0:00:31]} Qa1+ {[%emt 0:01:00]} 44. Kh2 {[%emt 0:00:02]} Nxf6 {[%emt 0:00:08]} 45. Nf5 {[%emt 0:00:31]} Qc3 {[%emt 0:00:40]} 46. d6 {[%emt 0:00:58]} Nd7 {[%emt 0:00:54]} 47. Qe4 {[%emt 0:00:31]} Qc8 {[%emt 0:01:04]} 48. Qg4 {[%emt 0:00:27]} Qc3 {[%emt 0:00:22]} 49. Qe4 {[%emt 0:00:19]} Kg8 {[%emt 0:00:32]} 50. Qe8+ {[%emt 0:00:27]} Nf8 {[%emt 0:00:03]} 1-0

[Event "V Open Semana Santa Alicante 2021"]
[Site "Alicante"]
[Date "2021.04.03"]
[Round "6.2"]
[White "Cuenca Jimenez, Jose Fernando"]
[Black "Del Rio De Angelis, Salvador G."]
[Result "1-0"]
[WhiteElo "2506"]
[BlackElo "2510"]
[Annotator "ChessBase"]
[PlyCount "89"]
[EventDate "2021.03.31"]
[EventType "swiss"]
[EventCountry "ESP"]
[SourceTitle "playchess.com"]
[Source "ChessBase"]
[SourceQuality "1"]
[TimeControl "5400+30"]

1. d4 {[%emt 0:00:00]} Nf6 {[%emt 0:02:21]} 2. c4 {[%emt 0:00:00]} d6 {[%emt 0:01:00]} 3. Nf3 {[%emt 0:00:51]} Nc6 {[%emt 0:00:18]} 4. Nc3 {[%emt 0:02:23]} e5 {[%emt 0:00:08]} 5. d5 {[%emt 0:03:16]} Ne7 {[%emt 0:03:58]} 6. e4 {[%emt 0:00:23]} Ng6 {[%emt 0:00:10]} 7. h4 {[%emt 0:07:07]} Be7 {[%emt 0:00:19]} 8. g3 {[%emt 0:17:32]} Nf8 {[%emt 0:01:51]} 9. Be2 {[%emt 0:11:47]} N8d7 {[%emt 0:00:33]} 10. Nh2 {[%emt 0:01:35]} Nc5 {[%emt 0:05:12]} 11. Qc2 {[%emt 0:00:56]} O-O {[%emt 0:00:22]} 12. Be3 {[%emt 0:06:51]} a5 {[%emt 0:05:08]} 13. O-O-O {[%emt 0:03:40]} Nfd7 {[%emt 0:05:18]} 14. Nf3 {[%emt 0:03:10]} a4 {[%emt 0:03:59]} 15. Nb5 {[%emt 0:05:44]} Re8 {[%emt 0:12:53]} 16. Nc3 {[%emt 0:13:33]} c6 {[%emt 0:01:44]} 17. Kb1 {[%emt 0:03:30]} Qa5 {[%emt 0:01:00]} 18. Nd2 {[%emt 0:00:37]} Bd8 {[%emt 0:01:33]} 19. Nf1 {[%emt 0:02:53]} Bc7 {[%emt 0:01:43]} 20. g4 {[%emt 0:00:13]} a3 {[%emt 0:01:36]} 21. b3 {[%emt 0:01:29]} Na6 {[%emt 0:00:35]} 22. Ng3 {[%emt 0:00:34]} Nb4 {[%emt 0:20:18]} 23. Qd2 {[%emt 0:00:07]} Nc5 {[%emt 0:00:18]} 24. Nh5 {[%emt 0:03:54]} f6 {[%emt 0:03:39]} 25. Rhg1 {[%emt 0:00:49]} Re7 {[%emt 0:01:07]} 26. Ng3 {[%emt 0:04:11]} Rf7 {[%emt 0:01:41]} 27. Nf5 {[%emt 0:01:00]} Ra6 {[%emt 0:01:58]} 28. Rg3 {[%emt 0:02:21]} Rb6 {[%emt 0:02:44]} 29. Bxc5 {[%emt 0:01:18]} Qxc5 {[%emt 0:01:03]} 30. Na4 {[%emt 0:00:30]} Qxf2 {[%emt 0:00:08]} 31. Rf3 {[%emt 0:00:52]} Qh2 {[%emt 0:00:20]} 32. Nxb6 {[%emt 0:02:14]} Bxb6 {[%emt 0:00:04]} 33. Nxd6 {[%emt 0:00:32]} Bxg4 {[%emt 0:01:19]} 34. Nxf7 {[%emt 0:00:02]} cxd5 {[%emt 0:04:39]} 35. cxd5 {[%emt 0:00:18]} Bxf3 {[%emt 0:00:15]} 36. Bxf3 {[%emt 0:00:18]} Qxd2 {[%emt 0:00:07]} 37. Rxd2 {[%emt 0:00:26]} Kxf7 {[%emt 0:00:06]} 38. Bg4 {[%emt 0:01:23]} Ke7 {[%emt 0:00:47]} 39. h5 {[%emt 0:00:34]} Kd6 {[%emt 0:00:37]} 40. Bf5 {[%emt 0:00:09]} Be3 {[%emt 0:06:15]} 41. Rg2 {[%emt 0:00:04]} Bg5 {[%emt 0:00:41]} 42. Rg3 {[%emt 0:00:10]} Na6 {[%emt 0:04:25]} 43. b4 {[%emt 0:00:54]} Nxb4 {[%emt 0:00:00]} 44. Rxa3 {[%emt 0:01:06]} Na6 {[%emt 0:00:11]} 45. Bxh7 {[%emt 0:00:22]} 1-0

[Event "V Open Semana Santa Alicante 2021"]
[Site "Alicante"]
[Date "2021.04.03"]
[Round "6.3"]
[White "Santos Ruiz, Miguel"]
[Black "Yuffa, Daniil"]
[Result "1-0"]
[WhiteElo "2592"]
[BlackElo "2584"]
[Annotator "ChessBase"]
[PlyCount "85"]
[EventDate "2021.03.31"]
[EventType "swiss"]
[EventCountry "ESP"]
[SourceTitle "playchess.com"]
[Source "ChessBase"]
[SourceQuality "1"]
[TimeControl "5400+30"]

1. c4 {[%emt 0:00:00]} g6 {[%emt 0:02:23]} 2. d4 {[%emt 0:00:00]} Bg7 {[%emt 0:00:02]} 3. e4 {[%emt 0:00:00]} d6 {[%emt 0:00:03]} 4. Nc3 {[%emt 0:00:00]} Nf6 {[%emt 0:00:02]} 5. Be2 {[%emt 0:00:00]} O-O {[%emt 0:00:15]} 6. Be3 {[%emt 0:00:00]} e5 {[%emt 0:02:50]} 7. d5 {[%emt 0:00:02]} Na6 {[%emt 0:00:06]} 8. h4 {[%emt 0:00:05]} Nc5 {[%emt 0:02:15]} 9. Qc2 {[%emt 0:05:21]} c6 {[%emt 0:01:24]} 10. h5 {[%emt 0:00:08]} cxd5 {[%emt 0:00:30]} 11. cxd5 {[%emt 0:00:05]} Qa5 {[%emt 0:08:48]} 12. h6 {[%emt 0:00:34]} Bh8 {[%emt 0:01:50]} 13. f3 {[%emt 0:00:05]} Bd7 {[%emt 0:04:37]} 14. Rb1 {[%emt 0:08:18]} Na4 {[%emt 0:06:14]} 15. Qd2 {[%emt 0:02:40]} Nxc3 {[%emt 0:05:32]} 16. bxc3 {[%emt 0:02:21]} b6 {[%emt 0:02:24]} 17. Rb3 {[%emt 0:08:28]} Rfc8 {[%emt 0:08:11]} 18. Bd3 {[%emt 0:05:18]} Ba4 {[%emt 0:10:06]} 19. Ra3 {[%emt 0:00:09]} Nxd5 {[%emt 0:01:35]} 20. exd5 {[%emt 0:08:36]} e4 {[%emt 0:00:17]} 21. c4 {[%emt 0:00:54]} exd3 {[%emt 0:02:44]} 22. Qxa5 {[%emt 0:02:21]} bxa5 {[%emt 0:00:03]} 23. Rxa4 {[%emt 0:00:07]} Bc3+ {[%emt 0:00:06]} 24. Bd2 {[%emt 0:14:07]} Bd4 {[%emt 0:01:46]} 25. Bxa5 {[%emt 0:03:20]} Rab8 {[%emt 0:03:57]} 26. Kd2 {[%emt 0:00:37]} Bc5 {[%emt 0:02:55]} 27. Kxd3 {[%emt 0:03:18]} Rb1 {[%emt 0:00:38]} 28. Kc2 {[%emt 0:05:36]} Rcb8 {[%emt 0:02:41]} 29. Bc3 {[%emt 0:00:09]} Rf1 {[%emt 0:00:33]} 30. Ra6 {[%emt 0:00:25]} f5 {[%emt 0:00:29]} 31. Rc6 {[%emt 0:02:43]} Re8 {[%emt 0:06:55]} 32. Bd2 {[%emt 0:04:07]} Ra1 {[%emt 0:03:00]} 33. Kd3 {[%emt 0:00:06]} Rd1 {[%emt 0:00:58]} 34. f4 {[%emt 0:03:25]} a5 {[%emt 0:06:35]} 35. Rh3 {[%emt 0:06:57]} Rxg1 {[%emt 0:03:15]} 36. Be3 {[%emt 0:00:05]} Rd1+ {[%emt 0:04:41]} 37. Kc2 {[%emt 0:00:04]} Re1 {[%emt 0:01:10]} 38. Bxc5 {[%emt 0:00:14]} R8e2+ {[%emt 0:00:53]} 39. Kb3 {[%emt 0:00:45]} dxc5 {[%emt 0:00:15]} 40. a3 {[%emt 0:02:27]} Rxg2 {[%emt 0:02:14]} 41. Rxc5 {[%emt 0:04:02]} g5 {[%emt 0:01:56]} 42. Rd3 {[%emt 0:01:05]} Kf7 {[%emt 0:01:32]} 43. d6 {[%emt 0:00:17]} 1-0

[Event "V Open Semana Santa Alicante 2021"]
[Site "Alicante"]
[Date "2021.04.03"]
[Round "6.4"]
[White "Moral Garcia, Serafin"]
[Black "Ladron De Guevara Pinto, Paolo"]
[Result "1/2-1/2"]
[WhiteElo "2239"]
[BlackElo "2440"]
[Annotator "TA"]
[PlyCount "60"]
[EventDate "2021.03.31"]
[EventType "swiss"]
[EventCountry "ESP"]
[SourceTitle "playchess.com"]
[Source "ChessBase"]
[SourceQuality "1"]

{[%evp 18,60,12,0,0,0,0,-8,-5,-13,-16,-34,-39,-34,-34,-34,-31,-24,-22,-27,-34,-25,-28,-37,-51,-59,-32,-35,-10,-16,0,0,0,0,0,-14,0,0,0,0,0,-18,0,0,0]} 1. e4 e5 2. Nc3 Nf6 3. g3 d5 4. exd5 Nxd5 5. Bg2 Nxc3 6. bxc3 Nc6 7. Nf3 Bc5 8. O-O O-O 9. Re1 f6 10. d3 Bg4 {C47: Scotch Four Knights and Four Knights with 4 g3.} 11. Be3 Bb6 12. h3 Bh5 {[#]} 13. g4 $146 ({Predecessor:} 13. Qb1 Qd7 14. Kh2 Rae8 15. a4 f5 16. Bxb6 axb6 17. Qb5 Qd6 18. Nd2 Qh6 19. Nc4 f4 20. Nxe5 fxg3+ 21. fxg3 {0-1 (35) Cordes,S (2105)-Hammer,J (2318) Saint Vincent 2005}) 13... Bf7 14. Nd2 Bd5 15. Bxd5+ Qxd5 16. Qf3 Qd7 17. Ne4 f5 18. gxf5 Rxf5 19. Qg4 {[#] Hoping for Nf6+!} Qf7 20. Kh1 Rf8 21. Rg1 Bxe3 22. fxe3 h6 23. Rg2 {With the idea Rag1.The position is equal.} Nd8 24. Rag1 {[%cal Rg4g7]} Ne6 25. h4 Kh8 26. Rh2 Rf1 27. Rhg2 Rf3 28. Rg3 Rf5 29. R3g2 Rf3 30. Rg3 Rf5 {Weighted Error Value: White=0.05/Black=0.06} 1/2-1/2

[Event "V Open Semana Santa Alicante 2021"]
[Site "Alicante"]
[Date "2021.04.03"]
[Round "6.5"]
[White "Lopez Varela, Pablo"]
[Black "Plaskett, H James"]
[Result "1-0"]
[WhiteElo "2209"]
[BlackElo "2382"]
[Annotator "ChessBase"]
[PlyCount "123"]
[EventDate "2021.03.31"]
[EventType "swiss"]
[EventCountry "ESP"]
[SourceTitle "playchess.com"]
[Source "ChessBase"]
[SourceQuality "1"]
[TimeControl "5400+30"]

1. e4 {[%emt 0:00:00]} c5 {[%emt 0:03:44]} 2. Nc3 {[%emt 0:01:50]} Nc6 {[%emt 0:00:18]} 3. Nf3 {[%emt 0:00:36]} e6 {[%emt 0:02:27]} 4. d4 {[%emt 0:00:08]} cxd4 {[%emt 0:00:04]} 5. Nxd4 {[%emt 0:00:03]} d6 {[%emt 0:02:04]} 6. Be2 {[%emt 0:02:57]} Nf6 {[%emt 0:03:39]} 7. f4 {[%emt 0:10:03]} Be7 {[%emt 0:02:05]} 8. Be3 {[%emt 0:02:05]} O-O {[%emt 0:00:52]} 9. O-O {[%emt 0:10:19]} e5 {[%emt 0:02:34]} 10. Nxc6 {[%emt 0:08:26]} bxc6 {[%emt 0:02:29]} 11. Kh1 {[%emt 0:02:10]} exf4 {[%emt 0:16:18]} 12. Bxf4 {[%emt 0:01:40]} Be6 {[%emt 0:00:09]} 13. e5 {[%emt 0:04:39]} dxe5 {[%emt 0:03:35]} 14. Bxe5 {[%emt 0:00:03]} Qa5 {[%emt 0:01:26]} 15. Qd4 {[%emt 0:08:28]} Qb6 {[%emt 0:17:53]} 16. Bf3 {[%emt 0:15:10]} Rac8 {[%emt 0:06:46]} 17. Ne4 {[%emt 0:11:27]} Nxe4 {[%emt 0:06:25]} 18. Qxe4 {[%emt 0:01:13]} Rfe8 {[%emt 0:00:27]} 19. Bc3 {[%emt 0:00:54]} Bf8 {[%emt 0:01:37]} 20. Qh4 {[%emt 0:02:03]} Rcd8 {[%emt 0:02:01]} 21. Be4 {[%emt 0:02:14]} h6 {[%emt 0:00:05]} 22. Bd3 {[%emt 0:00:06]} Rd5 {[%emt 0:05:38]} 23. Qe4 {[%emt 0:07:14]} g6 {[%emt 0:06:10]} 24. Qf4 {[%emt 0:00:27]} Qd8 {[%emt 0:01:20]} 25. Rae1 {[%emt 0:01:50]} Qg5 {[%emt 0:04:00]} 26. Qf2 {[%emt 0:02:15]} Rd7 {[%emt 0:03:57]} 27. h4 {[%emt 0:00:01]} Qd8 {[%emt 0:00:37]} 28. h5 {[%emt 0:00:04]} Bg7 {[%emt 0:00:41]} 29. Bxg7 {[%emt 0:03:06]} Kxg7 {[%emt 0:00:03]} 30. hxg6 {[%emt 0:00:03]} fxg6 {[%emt 0:01:37]} 31. Qg3 {[%emt 0:00:54]} Qg5 {[%emt 0:00:09]} 32. Qxg5 {[%emt 0:01:21]} hxg5 {[%emt 0:00:02]} 33. Re5 {[%emt 0:00:24]} Rh8+ {[%emt 0:01:10]} 34. Kg1 {[%emt 0:00:05]} Bxa2 {[%emt 0:00:09]} 35. Rxg5 {[%emt 0:01:10]} Bf7 {[%emt 0:00:02]} 36. Re1 {[%emt 0:00:56]} Rb8 {[%emt 0:01:25]} 37. b3 {[%emt 0:00:47]} Rxd3 {[%emt 0:02:15]} 38. cxd3 {[%emt 0:00:03]} Rxb3 {[%emt 0:00:06]} 39. Ra5 {[%emt 0:00:16]} Rxd3 {[%emt 0:01:49]} 40. Rxa7 {[%emt 0:00:05]} Rd6 {[%emt 0:00:08]} 41. Rc7 {[%emt 0:00:52]} g5 {[%emt 0:00:56]} 42. Rf1 {[%emt 0:00:17]} Rf6 {[%emt 0:00:02]} 43. Rxf6 {[%emt 0:00:01]} Kxf6 {[%emt 0:00:11]} 44. Rxc6+ {[%emt 0:00:06]} Kf5 {[%emt 0:00:17]} 45. Kf2 {[%emt 0:00:11]} Ke5 {[%emt 0:00:43]} 46. Kg3 {[%emt 0:01:18]} Be6 {[%emt 0:00:13]} 47. Rc5+ {[%emt 0:00:22]} Kf6 {[%emt 0:00:02]} 48. Kf2 {[%emt 0:00:09]} Bf5 {[%emt 0:01:06]} 49. Ke3 {[%emt 0:00:06]} Be6 {[%emt 0:00:37]} 50. Kd4 {[%emt 0:00:08]} Ba2 {[%emt 0:01:10]} 51. Ra5 {[%emt 0:02:17]} Bb3 {[%emt 0:01:17]} 52. Rb5 {[%emt 0:01:03]} Be6 {[%emt 0:00:25]} 53. Ke4 {[%emt 0:00:10]} Bg4 {[%emt 0:00:21]} 54. Rb6+ {[%emt 0:00:10]} Kf7 {[%emt 0:00:03]} 55. Ke5 {[%emt 0:00:07]} Kg7 {[%emt 0:00:04]} 56. Rc6 {[%emt 0:01:24]} Kf7 {[%emt 0:00:07]} 57. Rc4 {[%emt 0:00:38]} Be2 {[%emt 0:00:17]} 58. Re4 {[%emt 0:00:42]} Bd3 {[%emt 0:00:04]} 59. Re3 {[%emt 0:00:07]} Bg6 {[%emt 0:00:39]} 60. Rg3 {[%emt 0:00:16]} Bb1 61. Re3 Bh7 62. Rf3+ 1-0

[Event "V Open Semana Santa Alicante 2021"]
[Site "Alicante"]
[Date "2021.04.03"]
[Round "6.6"]
[White "Donado-Mazarron Gomez, Miguel"]
[Black "Garcia Gimenez, Santiago"]
[Result "0-1"]
[WhiteElo "2184"]
[BlackElo "2266"]
[Annotator "TA"]
[PlyCount "78"]
[EventDate "2021.03.31"]
[EventType "swiss"]
[EventCountry "ESP"]
[SourceTitle "playchess.com"]
[Source "ChessBase"]
[SourceQuality "1"]

{[%evp 16,78,28,40,44,55,96,25,43,37,81,72,79,83,83,89,73,82,71,73,140,145,132,145,131,114,137,86,121,22,13,-41,-36,-116,-113,-120,-172,-201,-202,-563,-548,-602,-604,-612,-594,-591,-600,-592,-579,-616,-623,-618,-605,-593,-546,-531,-551,-525,-544,-534,-488,-614,-609,-928,-926]} 1. d4 {Postny,E} Nf6 2. c4 g6 3. f3 d5 4. cxd5 Nxd5 5. e4 Nb6 6. Nc3 Bg7 7. Be3 O-O 8. Qd2 Nc6 9. O-O-O a6 {D70: Grünfeld: Unusual White 3rd moves (met by ...d5).} 10. h4 Qd6 11. Kb1 (11. h5 $16) 11... Rd8 $11 {[%cal Rc6d4] White has an edge.} 12. d5 Ne5 {[#]} 13. Qf2 $1 {[#]} Nec4 $146 ({Predecessor:} 13... h5 14. Bc5 Qf6 15. Bd4 Qd6 16. g4 hxg4 17. f4 Ned7 18. e5 Nxe5 19. fxe5 Bxe5 {1-0 (33) Caruana,F (2844)-Svidler,P (2732) Baku 2014 CBM 163 [Postny,E]}) 14. Bc5 Qf6 15. Bd4 e5 16. Bc5 h5 17. Be2 Nd6 (17... Bf8 $142) 18. Be3 $16 {Black must now prevent Bg5.} ({Worse is} 18. Bxb6 cxb6 19. Bd3 b5 $15) 18... Qe7 19. g4 ({Resist} 19. Bxb6 $6 cxb6 20. Qxb6 Qf6 $14) 19... hxg4 20. fxg4 Nbc4 21. Bc1 ({White should try} 21. Bg5 f6 22. Bc1) 21... b5 {[%cal Bb7b5,Bb5b4][%mdl 32] With the idea ...b4.} 22. h5 (22. Qg2 $16) 22... b4 $1 $11 {[%cal Rb4c3] [#]} 23. h6 $1 Bf6 $15 24. g5 {Black converts the advantage convincingly.} Bxg5 $17 25. Bxg5 Qxg5 26. h7+ Kh8 27. Na4 (27. Bxc4 {is a better chance.} bxc3 28. Bd3) 27... Nxe4 $19 {Black is clearly winning.} 28. Nf3 Nxf2 29. Nxg5 Bf5+ 30. Kc1 Nd6 31. Nc5 Nxd1 32. Bxd1 Re8 33. Ba4 Re7 34. Bc6 Rd8 35. Nxa6 f6 36. Ne6 Bxe6 37. dxe6 Rxe6 {Hoping for ...Nf5.} 38. Nxb4 Nf5 39. Bd5 Rb6 {Weighted Error Value: White=0.34/Black=0.06} 0-1

[Event "V Open Semana Santa Alicante 2021"]
[Site "Alicante"]
[Date "2021.04.03"]
[Round "6.7"]
[White "Vergara Anton, Diego"]
[Black "Campos Gambuti, Luis Maria"]
[Result "1/2-1/2"]
[WhiteElo "2175"]
[BlackElo "2370"]
[Annotator "TA"]
[PlyCount "40"]
[EventDate "2021.03.31"]
[EventType "swiss"]
[EventCountry "ESP"]
[SourceTitle "playchess.com"]
[Source "ChessBase"]
[SourceQuality "1"]

{[%evp 17,40,16,31,26,36,0,23,0,0,5,1,0,0,0,3,3,4,0,2,0,0,0,0,0,0]} 1. d4 d5 2. Nf3 c5 3. c4 dxc4 4. e3 Nf6 5. Bxc4 e6 6. O-O a6 7. dxc5 Qxd1 8. Rxd1 Bxc5 9. a3 Ke7 10. b4 {D27: Queen's Gambit Accepted: Classical main line: 7 e4!? and 7 a4.} Bd6 {[#]} 11. Nc3 $146 ({Predecessor:} 11. Bb2 b5 12. Be2 Bb7 13. Be5 Rd8 14. Bxd6+ Rxd6 15. Rxd6 Kxd6 16. Nc3 Nbd7 17. a4 bxa4 18. Nxa4 Nd5 19. Rb1 Bc6 20. Nb2 {0-1 (54) Galaktionov,A (2319)-Timofeev,A (2580) chess.com INT 2020}) 11... Nbd7 (11... b5 $5 {[%cal Rb5c4]} 12. Be2 Bb7 $11) 12. Bb2 {White has an edge.} b5 {The position is equal.} 13. Be2 Bb7 14. Nd4 Nb6 15. a4 Bxb4 16. axb5 axb5 17. Bxb5 {Black should prevent Bc6.} Rhc8 18. Rxa8 Bxa8 19. Na2 Bd6 20. Rc1 Rxc1+ {Weighted Error Value: White=0.07/Black=0.04} 1/2-1/2

[Event "V Open Semana Santa Alicante 2021"]
[Site "Alicante"]
[Date "2021.04.03"]
[Round "6.8"]
[White "Garrido Outon, Alex"]
[Black "Morante Rafael, Aritz"]
[Result "1-0"]
[WhiteElo "2362"]
[BlackElo "2161"]
[Annotator "ChessBase"]
[PlyCount "71"]
[EventDate "2021.03.31"]
[EventType "swiss"]
[EventCountry "ESP"]
[SourceTitle "playchess.com"]
[Source "ChessBase"]
[SourceQuality "1"]
[TimeControl "5400+30"]

1. e4 {[%emt 0:00:00]} e6 {[%emt 0:00:00]} 2. d4 {[%emt 0:00:00]} d5 {[%emt 0:00:05]} 3. Nc3 {[%emt 0:00:06]} Bb4 {[%emt 0:00:19]} 4. Nge2 {[%emt 0:00:15]} dxe4 {[%emt 0:03:08]} 5. a3 {[%emt 0:00:16]} Bxc3+ {[%emt 0:00:52]} 6. Nxc3 {[%emt 0:00:14]} Nc6 {[%emt 0:01:26]} 7. Bb5 {[%emt 0:00:27]} Nge7 {[%emt 0:00:49]} 8. Bg5 {[%emt 0:00:37]} f6 {[%emt 0:00:51]} 9. Be3 {[%emt 0:00:28]} O-O {[%emt 0:03:53]} 10. Qd2 {[%emt 0:00:33]} f5 {[%emt 0:02:23]} 11. f3 {[%emt 0:00:40]} f4 {[%emt 0:14:55]} 12. Bxf4 {[%emt 0:00:26]} Qxd4 {[%emt 0:02:52]} 13. fxe4 {[%emt 0:00:41]} e5 {[%emt 0:05:27]} 14. Be3 {[%emt 0:00:19]} Qxd2+ {[%emt 0:00:21]} 15. Bxd2 {[%emt 0:01:34]} Be6 {[%emt 0:01:02]} 16. O-O-O {[%emt 0:07:15]} Nd4 {[%emt 0:05:54]} 17. Bd3 {[%emt 0:02:55]} c6 {[%emt 0:08:30]} 18. Rhf1 {[%emt 0:07:30]} Rxf1 {[%emt 0:07:47]} 19. Bxf1 {[%emt 0:01:15]} h6 {[%emt 0:05:57]} 20. Be3 {[%emt 0:07:56]} Rd8 {[%emt 0:04:30]} 21. b3 {[%emt 0:05:29]} b6 {[%emt 0:04:15]} 22. Kb2 {[%emt 0:06:16]} Rd7 {[%emt 0:02:49]} 23. Nb1 {[%emt 0:06:14]} c5 {[%emt 0:06:53]} 24. c3 {[%emt 0:06:47]} Ndc6 {[%emt 0:01:46]} 25. Nd2 {[%emt 0:00:12]} Kf7 {[%emt 0:02:47]} 26. b4 {[%emt 0:04:29]} cxb4 {[%emt 0:00:37]} 27. axb4 {[%emt 0:00:10]} Ke8 {[%emt 0:02:00]} 28. Ra1 {[%emt 0:10:20]} Kd8 {[%emt 0:02:06]} 29. Be2 {[%emt 0:04:43]} Ng8 {[%emt 0:00:42]} 30. Nf3 {[%emt 0:03:36]} Nf6 {[%emt 0:02:48]} 31. b5 {[%emt 0:01:12]} Na5 {[%emt 0:00:28]} 32. Nxe5 {[%emt 0:00:28]} Rc7 {[%emt 0:00:50]} 33. Ra4 {[%emt 0:02:47]} g5 {[%emt 0:02:04]} 34. Bd3 {[%emt 0:07:24]} Bc8 {[%emt 0:01:06]} 35. c4 {[%emt 0:00:53]} Re7 {[%emt 0:03:53]} 36. Rxa5 {[%emt 0:03:20]} 1-0

[Event "V Open Semana Santa Alicante 2021"]
[Site "Alicante"]
[Date "2021.04.03"]
[Round "6.9"]
[White "Aranda Marin, Cristian"]
[Black "Rodriguez Redondo, Adhara"]
[Result "1-0"]
[WhiteElo "2361"]
[BlackElo "2134"]
[Annotator "NA"]
[PlyCount "91"]
[EventDate "2021.03.31"]
[EventType "swiss"]
[EventCountry "ESP"]
[SourceTitle "playchess.com"]
[Source "ChessBase"]
[SourceQuality "1"]
[TimeControl "5400+30"]

1. Nf3 {[%emt 0:08:55]} d5 {[%emt 0:00:00]} 2. g3 {[%emt 0:00:28]} Nf6 {[%emt 0:00:00]} 3. Bg2 {[%emt 0:00:04]} e6 {[%emt 0:00:04]} 4. O-O {[%emt 0:00:10]} Be7 {[%emt 0:00:06]} 5. d3 {[%emt 0:00:21]} c5 {[%emt 0:01:56]} 6. Nbd2 {[%emt 0:00:30]} Nc6 {[%emt 0:01:52]} 7. e4 {[%emt 0:00:18]} Qc7 {[%emt 0:03:27]} 8. Re1 {[%emt 0:00:55]} O-O {[%emt 0:04:27]} 9. e5 {[%emt 0:01:13]} Nd7 {[%emt 0:00:12]} 10. Qe2 {[%emt 0:00:07]} b5 {[%emt 0:14:40]} 11. h4 {[%emt 0:03:07]} f6 {[%emt 0:05:48]} 12. exf6 {[%emt 0:01:13]} Rxf6 {[%emt 0:04:10]} 13. c4 {[%emt 0:01:22]} bxc4 {[%emt 0:06:59]} 14. dxc4 {[%emt 0:01:00]} Ba6 {[%emt 0:05:13]} 15. b3 {[%emt 0:01:18]} Nd4 {[%emt 0:03:31]} (15... Raf8 $14) 16. Nxd4 {[%emt 0:02:03]} cxd4 {[%emt 0:00:06] [#]} 17. Nf3 $1 {[%emt 0:13:20]} d3 {[%emt 0:06:26]} 18. Qxd3 {[%emt 0:02:44]} dxc4 {[%emt 0:00:56]} 19. bxc4 {[%emt 0:01:18]} Bxc4 {[%emt 0:01:46]} 20. Qc2 {[%emt 0:01:20]} Raf8 {[%emt 0:06:42]} 21. Ng5 {[%emt 0:07:24]} g6 {[%emt 0:03:52]} 22. Be3 {[%emt 0:02:37]} Rc8 {[%emt 0:05:24]} 23. Rab1 {[%emt 0:05:59]} Qd8 {[%emt 0:05:22]} 24. Qa4 {[%emt 0:05:25]} Bc5 {[%emt 0:03:01]} 25. Bxc5 {[%emt 0:01:24]} Rxc5 {[%emt 0:00:18]} 26. Ne4 {[%emt 0:00:24]} Rc7 {[%emt 0:05:41]} 27. Nxf6+ $18 {[%emt 0:01:04]} Qxf6 {[%emt 0:00:16]} 28. Rec1 {[%emt 0:01:19]} Qd4 {[%emt 0:04:39]} 29. Rd1 {[%emt 0:00:23]} Qg7 {[%emt 0:00:22]} 30. Rb7 {[%emt 0:06:10]} Rxb7 {[%emt 0:02:32]} 31. Qxc4 {[%emt 0:02:29]} Rb6 {[%emt 0:01:17]} 32. Qf4 {[%emt 0:04:39]} Nf8 {[%emt 0:01:23]} 33. Rc1 {[%emt 0:00:10]} e5 {[%emt 0:03:27]} 34. Bd5+ {[%emt 0:00:02]} Kh8 {[%emt 0:00:06]} 35. Qg5 {[%emt 0:00:13]} h6 {[%emt 0:00:56]} 36. Qe3 {[%emt 0:00:45]} Rd6 {[%emt 0:00:20]} 37. Bb3 {[%emt 0:00:20]} Kh7 {[%emt 0:00:29]} 38. h5 {[%emt 0:01:12]} a6 {[%emt 0:00:39]} 39. hxg6+ {[%emt 0:01:40]} Nxg6 {[%emt 0:00:05]} 40. Rc8 {[%emt 0:00:29]} Nf8 {[%emt 0:00:56]} 41. Qe4+ {[%emt 0:01:18]} Kh8 {[%emt 0:00:27]} 42. Qf5 {[%emt 0:00:51]} Rf6 {[%emt 0:00:28]} 43. Qxe5 {[%emt 0:00:09]} Kh7 {[%emt 0:00:35]} 44. Rc7 {[%emt 0:00:41]} Nd7 {[%emt 0:00:05]} 45. Rxd7 {[%emt 0:00:21]} Qxd7 {[%emt 0:00:06]} 46. Qxf6 {[%emt 0:00:06]} 1-0